| 000 | 00344nam a22001337a 4500 | ||
|---|---|---|---|
| 020 | _a9780340568224 | ||
| 040 | _cNust | ||
| 082 |
_a629.25 _bHEI'A |
||
| 100 |
_aHeinz Heisler _9126169 |
||
| 245 | _aAdvanced engine technology | ||
| 260 |
_aU.K: _bSAE International, _c1995. |
||
| 650 |
_aAdvanced engine technology _9126170 |
||
| 942 |
_2ddc _cBK |
||
| 999 |
_c611936 _d611936 |
||